Organización y enseñanza en la Facultad de ciencias jurídicas y sociales, guía /
Guardado en:
| Autor Corporativo: | |
|---|---|
| Formato: | Libro |
| Idioma: | Spanish |
| Publicado: |
La Plata,
1913.
|
| Etiquetas: |
Agregar Etiqueta
Sin Etiquetas, Sea el primero en etiquetar este registro!
|
| LEADER | 00545nam a22001335a 4500 | ||
|---|---|---|---|
| 001 | EUN.um023290 | ||
| 008 | 041125s1913####ag############000#0#spa#d | ||
| 005 | 20110503170529.0 | ||
| 245 | 1 | 0 | |a Organización y enseñanza en la Facultad de ciencias jurídicas y sociales, guía / |c Universidad Nacional. Facultad de ciencias Jurídicas y sociales. |
| 260 | |a La Plata, |c 1913. | ||
| 300 | |a 303 p. | ||
| 110 | 2 | |a Universidad Nacional. Facultad de ciencias Jurídicas y sociales |c La Plata. | |
| 082 | 0 | 4 | |a 378.82 |
| 859 | |a Ar-BaUNS |b BIB. CENTRAL - Tesoro |h 378.82 |i L316 |p 47448/968 | ||
